000
00327nam a2200133Ia 4500
008
150301s2015 xx 000 0 und d
082
_a
615.4
_b
H15G
100
_a
GUPTA, A.K
245
_a
HB OF HEALTH EDICATION AND COMMUNITY PHARMACY
260
_b
CBS- DELHI
300
_a
300
650
_a
PHARMACEUTICS
942
_2
ddc
_c
BK
_0
2
999
_c
7300
_d
7300